| 000 | 00395 a2200157 4500 | ||
|---|---|---|---|
| 001 | 193064 | ||
| 020 | _a978-85-378-1152-8 | ||
| 040 | _cMagnum | ||
| 100 | _aAslan, Reza | ||
| 240 | 1 | 0 |
_aZelota: a vida e a época de Jesus de Nazaré _lpor |
| 245 | 1 | 0 | _aZelota: a vida e a época de Jesus de Nazaré |
| 300 | _a303 | ||
| 362 | 0 | _a2013 | |
| 697 | _aLITERATURA GERAL ESTRANGEIRA | ||
| 942 | _cBK | ||
| 999 |
_c193064 _d193064 |
||